000
00211nam a22001097a 4500
003
NUST
005
20251009174652.0
082
_a
621.3,POW
245
_a
Power PC /
260
_a
Motorola
_c
1995
942
_2
ddc
_c
BK
999
_c
615148
_d
615148